BIBLIOTECA

SENCICO

Técnicas de entrevistas y selección del personal (Registro nro. 1542)

Detalles MARC
000 -LEADER
fixed length control field 00798nam a2200217Ia 4500
005 - DATE AND TIME OF LATEST TRANSACTION
control field 20251020182514.0
008 - FIXED-LENGTH DATA ELEMENTS--GENERAL INFORMATION
fixed length control field 200515s9999 xx 000 0 und d
082 ## - DEWEY DECIMAL CLASSIFICATION NUMBER
Classification number 658.36/A57
100 ## - MAIN ENTRY--PERSONAL NAME
Personal name Anderson, James E.
245 #0 - TITLE STATEMENT
Title Técnicas de entrevistas y selección del personal
260 ## - PUBLICATION, DISTRIBUTION, ETC.
Place of publication, distribution, etc. Lima
260 ## - PUBLICATION, DISTRIBUTION, ETC.
Name of publisher, distributor, etc. Corpotación Editora Continental
260 ## - PUBLICATION, DISTRIBUTION, ETC.
Date of publication, distribution, etc. 1979
300 ## - PHYSICAL DESCRIPTION
Extent 121 p.
500 ## - GENERAL NOTE
General note 1 ejemplar
520 ## - SUMMARY, ETC.
Summary, etc. Las técnicas de entrevista y selección del personal constituyen fundamentales, hoy mas que nunca, para el crecimiento de una empresa cualquiera sea su magnitud. La función del entrevistador, resulta pues, sumamente delicada debido a su complejidad, pues,
650 ## - SUBJECT ADDED ENTRY--TOPICAL TERM
Topical term or geographic name entry element SELECCION DE PERSONAL
650 ## - SUBJECT ADDED ENTRY--TOPICAL TERM
Topical term or geographic name entry element TECNICAS DE ENTREVISTA
942 ## - ADDED ENTRY ELEMENTS (KOHA)
Koha item type Libros
Existencias
Fecha de la última vez que lo usaron Pago total Signatura topográfica completa Código de barras Precio efectivo desde Tipo de documento Estado perdido Estado dañado No es para préstamo Retirado Ubicación permanente Ubicación actual Fecha de adquisición
15/05/2020   658.36/A57 Bib-Lima15051542 15/05/2020 Libros         Biblioteca Central Lima Biblioteca Central Lima 15/05/2020